| 000 | 00661nam a2200217 u 4500 | ||
|---|---|---|---|
| 005 | 20240228064212.0 | ||
| 008 | 150323s2006 es r 000 0 spa d | ||
| 020 | _a8420469351 | ||
| 035 | _aUPN01000202708 | ||
| 049 | _aI | ||
| 050 | 4 |
_aPZ7 _bD3.27 |
|
| 100 | 1 |
_aDanziger, Paula, _d1944-2004 _935781 |
|
| 245 | 1 | 0 |
_aAmbar y justo a destiempo / _cPaula Danziger ; il. Tony Ross ; tr. P. Rozarena. |
| 260 |
_aMadrid : _bAlfaguara, _cc2006. |
||
| 300 |
_a38, [10] p. : _bil. col. |
||
| 440 | 0 | _aA de Ambar | |
| 650 | 7 |
_aLiteratura infantil estadounidense _2 _99173 |
|
| 650 | 4 |
_aLibros y lectura para niƱos _92290 |
|
| 905 | _aInfantil | ||
| 999 |
_c174809 _d174809 |
||